Statistiken für Alle Minderheiten Sloweniens

Klicken Sie hier um das Quiz zu spielen!

Allgemein

  • Dieses Quiz wurde 43 mal gespielt
  • Das Durchschnittsergebnis liegt bei 17 aus 20

Antwortstatistiken

BevölkerungLand% Korrekt
446Österreich
100%
14,020Serbien
100%
62,946Bosnien und Herzegowina
97%
2,416Italien
97%
795Montenegro
97%
12,329Nordmazedonien
97%
933Deutschland
94%
9,802Kroatien
94%
395Rumänien
94%
641Ungarn
91%
3,409Bulgarien
88%
299Frankreich
88%
2,969Russland
88%
16,748Kosovo
84%
461Slowakei
84%
2,202Ukraine
81%
595Vereinigtes Königreich
81%
1,206China
78%
418USA
75%
282Thailand
25%

Verteilung der Resultate

Perzentil nach korrekt beantworteten Fragen

Anzahl Personen mit jedem Resultat

Ihre Resultats-Entwicklung

Sie haben dieses Quiz noch nicht gespielt